[Event "Hannover-ch U16"]
[Site "Lehrte"]
[Date "2006.10.14"]
[Round "2"]
[White "Luecke, Timo"]
[Black "Flauss, Jessica"]
[Result "1-0"]
[WhiteElo "998"]
[BlackElo "1111"]
[PlyCount "79"]
[EventDate "2006.10.14"]
[EventType "swiss"]
[EventRounds "7"]
[EventCountry "GER"]
[SourceTitle "EXT 2021"]
[Source "ChessBase"]
[SourceDate "2020.10.23"]
[SourceVersion "1"]
[SourceVersionDate "2020.10.23"]
[SourceQuality "1"]

1. d4 d5 2. c4 c6 3. Nf3 Bg4 4. e3 e6 5. b3 Nd7 6. Bb2 Bb4+ 7. Nc3 Ngf6 8. cxd5 exd5 9. Bd3 Ne4 10. Rc1 Ng5 11. Be2 0-0 12. Nxg5 Bxe2 13. Qxe2 Qxg5 14. 0-0 Bd6 15. Qf3 Qh6 16. g3 Rae8 17. Ne2 Re6 18. Kg2 Qg5 19. Ng1 Rf6 20. Nh3 Qg6 21. Nf4 Qg5 22. Nh3 Qh6 23. Qg4 Re8 24. Qxd7 Rfe6 25. Qxb7 R8e7 26. Qxc6 Bxg3 27. Qa8+ Re8 28. Rc8 Bb8 29. Qxb8 Qg6+ 30. Kh1 Qe4+ 31. f3 Qxe3 32. Rxe8+ Rxe8 33. Qg3 Qe2 34. Rf2 Qe1+ 35. Qg1 Qe6 36. Nf4 Qf5 37. Qg4 Re1+ 38. Kg2 Qb1 39. Qc8+ Re8 40. Qxe8# 1-0